Statistics for 人口の多い町村トップ50@2000年

Click here to take the quiz!

General Stats

  • This quiz has been taken 12 times
  • The average score is 22 of 50

Answer Stats

順位都道府県Answer人口% Correct
3広島県府中町50,673
90%
6沖縄県豊見城村50,198
80%
2岩手県滝沢村51,241
80%
1滋賀県栗東町54,856
70%
16神奈川県寒川町46,369
70%
4千葉県白井町50,431
70%
5茨城県守谷町50,362
70%
9和歌山県岩出町48,156
70%
23愛知県長久手町43,306
70%
19石川県野々市町45,581
70%
15茨城県阿見町46,922
70%
47大阪府美原町37,618
60%
45福岡県志免町37,794
60%
22愛知県東浦町45,168
60%
20福岡県那珂川町45,548
60%
26大阪府熊取町42,914
60%
7千葉県富里町50,176
50%
40北海道音更町39,201
50%
14埼玉県白岡町46,999
50%
11愛知県三好町47,684
50%
30群馬県大泉町41,403
50%
43福岡県宇美町38,126
40%
44三重県菰野町37,972
40%
18千葉県沼南町45,927
40%
8茨城県神栖町48,575
40%
32山梨県竜王町40,559
40%
34長崎県長与町40,356
40%
27神奈川県愛川町42,760
40%
25鹿児島県姶良町42,969
40%
12埼玉県杉戸町47,336
40%
21埼玉県大井町45,488
40%
13千葉県大網白里町47,036
40%
29福岡県福間町41,480
30%
10茨城県総和町48,007
30%
46埼玉県寄居町37,724
30%
49群馬県玉村町37,522
30%
36栃木県壬生町39,853
30%
37茨城県三和町39,718
30%
42静岡県函南町38,611
30%
17茨城県那珂町45,983
20%
41茨城県波崎町39,051
20%
35愛知県武豊町39,993
20%
33広島県神辺町40,361
20%
31滋賀県甲西町41,362
20%
28愛知県師勝町42,337
20%
24栃木県西那須野町43,186
20%
50埼玉県小川町37,301
20%
39宮城県柴田町39,485
10%
48埼玉県庄和町37,549
10%
38埼玉県毛呂山町39,711
0%

Score Distribution

Percentile by Number Answered

Percent of People with Each Score

Your Score History

You have not taken this quiz